| 000 -LEADER |
| fixed length control field |
00973cam a2200253 a 4500 |
| 020 ## - INTERNATIONAL STANDARD BOOK NUMBER |
| ISBN |
0452274141 |
| 020 ## - INTERNATIONAL STANDARD BOOK NUMBER |
| ISBN |
0525939822 (hard) |
| 040 ## - CATALOGING SOURCE |
| Transcribing agency |
DLC |
| 082 00 - DEWEY DECIMAL CLASSIFICATION NUMBER |
| Classification number |
615 PG 1997 C141 Or. |
| 100 1# - MAIN ENTRY--AUTHOR NAME |
| Personal name |
Colborn, Theo. |
| 245 10 - TITLE STATEMENT |
| Title |
Our stolen future : |
| Remainder of title |
are we threatening our fertility, intelligence, and survival? : a scientific detective story : with a new epilogue by the authors / |
| 260 ## - PUBLICATION, DISTRIBUTION, ETC. (IMPRINT) |
| Place of publication |
New York : |
| Name of publisher |
Penguin Group, |
| Year of publication |
c1997. |
| 300 ## - PHYSICAL DESCRIPTION |
| Number of Pages |
xx, 316 p. : |
| Other physical details |
ill. ; |
| Dimensions |
21 cm. |
| 500 ## - GENERAL NOTE |
| General note |
"A Plume book." |
| 500 ## - GENERAL NOTE |
| General note |
Originally published: New York : Dutton, 1996. |
| 650 #0 - SUBJECT ADDED ENTRY--TOPICAL TERM |
| Topical Term |
Reproductive toxicology. |
| 650 #0 - SUBJECT ADDED ENTRY--TOPICAL TERM |
| Topical Term |
Environmental health. |
| 700 1# - ADDED ENTRY--PERSONAL NAME |
| Personal name |
Dumanoski, Dianne. |
| 700 1# - ADDED ENTRY--PERSONAL NAME |
| Personal name |
Myers, John Peterson. |
| 856 42 - ELECTRONIC LOCATION AND ACCESS |
| Uniform Resource Identifier |
http://www.loc.gov/catdir/enhancements/fy1207/97159794-d.html |
| 856 41 - ELECTRONIC LOCATION AND ACCESS |
| Uniform Resource Identifier |
http://www.loc.gov/catdir/enhancements/fy1207/97159794-t.html |
| 856 42 - ELECTRONIC LOCATION AND ACCESS |
| Uniform Resource Identifier |
https://www.loc.gov/catdir/enhancements/fy1701/97159794-b.html |
| 942 ## - ADDED ENTRY ELEMENTS (KOHA) |
| Koha item type |
ADB |
| 952 ## - LOCATION AND ITEM INFORMATION (KOHA) |
| Withdrawn status [LOCAL, KOHA] |
0 |